Statistics for Lawmen of the wild West

Click here to take the quiz!

General Stats

  • This quiz has been taken 31 times
  • The average score is 5 of 15

Answer Stats

HintAnswer% Correct
He & his brothers were involved in a shootout at the OK corralWyatt Earp
96%
Founded a well known detective agencyAlan Pinkerton
79%
Deputy US Marshal- This friend of Wyatt Earp died of TB in 1887Doc Holliday
75%
Shot and killed in 1876 in a saloon in Deadwood while playing pokerWild Bill Hickock
67%
Fictional character who wore a mask & had an Indian sidekickLone Ranger
63%
Gunfighter and sheriff in Dodge City KS, scout, professional gamblerBat Masterson
46%
New Mexico lawman famous for shooting Billy the KidPat Garrett
42%
Although not a lawman, this crack shot performed with Buffalo BillAnnie Oakley
38%
Known as the "hanging judge"Roy Bean
25%
First town marshal in Tombstone ArizonaFred White
4%
Law enforcement agency formed in 1901- had 26 menArizona Rangers
0%
He was a captain in the Arizona Rangers & sheriff of Cochise CountyHarry Wheeler
0%
1st Sheriff San Francisco County, Former captain Texas RangersJohn Coffee Hays
0%
Helped clean up the wild cattle town of Abilene in the 1860'sThomas Smith
0%
Oldest US Federal law enforcement agency-created in 1789U.S. Marshals Service
0%

Score Distribution

Percentile by Number Answered

Percent of People with Each Score

Your Score History

You have not taken this quiz